| 000 | 00585nam a2200193 a 4500 | ||
|---|---|---|---|
| 005 | 20240919064231.0 | ||
| 008 | 991125s1965 mx 000 0 spa u | ||
| 035 | _aUPN01000040767 | ||
| 049 | _aCG | ||
| 050 | 4 |
_aHC59.7 _bF7.58 |
|
| 100 | 1 | _aFrost, Raymond | |
| 245 | 1 | 0 |
_aNaciones en busca de progreso / _cRaymond Frost ; tr. Andrés M. Mateo. |
| 260 |
_aMéxico : _bLibreros Mexicanos Unidos, _c1965. |
||
| 300 | _a214 p | ||
| 440 | 3 | _aEl mundo de hoy | |
| 650 | 4 |
_aDesarrollo económico _96460 |
|
| 651 | 4 |
_aPAISES EN DESARROLLO - _xCONDICIONES ECONOMICAS _98383 |
|
| 905 | _aLibro | ||
| 999 |
_c40767 _d40767 |
||